| 000 | 00752nam a22002057a 4500 | ||
|---|---|---|---|
| 999 |
_c16615 _d16615 |
||
| 003 | AR-CdUCM | ||
| 008 | 190504b ||||| |||| 00| 0 spa d | ||
| 020 | _a84-86008-06-9 | ||
| 040 |
_aMUNICIPALIDAD PROVINCIAL DEL CUSCO _cBIBLIOTECA MUNICIPAL DEL CUSCO |
||
| 082 |
_a618.97 / _bC28 |
||
| 100 |
_aCasals, Ignasi. _936166 |
||
| 245 | _aSociología de la ancianidad en España / | ||
| 260 |
_aEspaña : _bMezquita S.A, _c1982. |
||
| 300 |
_a136 páginas ; _c20 cm. |
||
| 505 | _aContenido :La ancianidad en la historia -- La jubilación -- Pensiones -- Estructura familiar -- El envejecimiento como fenómeno individual ... | ||
| 650 |
_aAncianidad. _936167 |
||
| 650 |
_aLa tercera edad. _936168 |
||
| 942 |
_2ddc _cLIBROS |
||
| 945 |
_arum _d2019-05-04 |
||